Vista normal Vista MARC
  • Fraga Iribarne, Manuel,

Entrada Nom personal

Nombre de registres utilitzats a: 1

001 - NÚMERO DE CONTROL

  • campo de control: 167877

003 - IDENTIFICADOR DEL NÚMERO DE CONTROL

  • campo de control: ES-BaIT

005 - FECHA Y HORA DE LA ÚLTIMA TRANSACCIÓN

  • campo de control: 20251118095627.0

008 - DATOS DE LONGITUD FIJA

  • campo de control de longitud fija: 251118|| aca||aabn | a|a d

040 ## - FUENTE DE LA CATALOGACIÓN

  • Centro catalogador/agencia de origen: ES-BaIT

100 1# - ENCABEZAMIENTO-NOMBRE DE PERSONA

  • Nombre de persona: Fraga Iribarne, Manuel,
  • Fechas asociadas al nombre: 1922-2012
  • Subdivisión general: Textos dramàtics

Implantat amb Koha